El Euro : nuestra moneda : elementos de seguridad de los billetes y monedas en euros nuestra moneda :
Descripción Física:
[21] f. ; 21 x 30 cm
Materias:
Euro
MARC
| LEADER | 00000nam a2200000Ia 4500 | ||
|---|---|---|---|
| 001 | 15128 | ||
| 008 | 160829s9999 xx 000 0 cat d | ||
| 080 | |a FU-34-20 | ||
| 245 | |a El Euro : |b nuestra moneda : |b elementos de seguridad de los billetes y monedas en euros | ||
| 260 | |a [Barcelona] : |b Diputació de barcelona, Xarxa de Municipis, [2002?] | ||
| 300 | |a [21] f. ; |c 21 x 30 cm | ||
| 650 | |a Euro |9 32512 | ||
| 710 | 1 | |a Barcelona (Catalunya : Província). |b Diputació |9 52408 | |
| 901 | |a Arxiu | ||
| 942 | |n 1 | ||
| 952 | |0 0 |1 0 |4 0 |6 FU3420 |7 1 |9 41896 |a Arxiu |b Arxiu |d 2016-12-01 |l 0 |o FU-34-20 |p 15128 |r 2016-12-01 00:00:00 |w 2016-12-01 |y ARXIU | ||
| 999 | |c 44343 |d 44343 | ||